[Event "Ljubljana-chT 67th Superliga"]
[Site "Ljubljana"]
[Date "2014.03.27"]
[Round "9.4"]
[White "Markosek, Maj"]
[Black "Skok, Joze"]
[Result "0-1"]
[WhiteElo "1717"]
[BlackElo "2025"]
[PlyCount "153"]
[EventDate "2014.01.09"]
[EventType "team-tourn"]
[EventRounds "9"]
[EventCountry "SLO"]
[SourceTitle "EXT 2022"]
[Source "ChessBase"]
[SourceDate "2021.10.06"]
[SourceVersion "1"]
[SourceVersionDate "2021.10.06"]
[SourceQuality "1"]
[WhiteTeam "Komenda Pogi"]
[BlackTeam "Domzale SD"]
[WhiteTeamCountry "SLO"]
[BlackTeamCountry "SLO"]

1. d4 Nf6 2. c4 g6 3. Nc3 d5 4. Nf3 Bg7 5. Qb3 c6 6. e3 0-0 7. cxd5 Nxd5 8. Bd3 b6 9. h3 h6 10. Nxd5 Qxd5 11. Qxd5 cxd5 12. Bd2 Nc6 13. Rc1 Bb7 14. 0-0 Rac8 15. Bc3 Rfe8 16. a3 a6 17. b3 e6 18. Rc2 Bf8 19. b4 Bd6 20. Rfc1 Kf8 21. Bb2 Na7 22. Kf1 Ke7 23. Ng1 g5 24. Ne2 f6 25. Nc3 b5 26. g4 Kd7 27. f3 Rc7 28. Kf2 Rf8 29. Rg1 f5 30. Ke2 Rf7 31. Bc1 Rc8 32. gxf5 exf5 33. Rg2 Bc6 34. Rg1 Re8 35. Bd2 Bf4 36. Bc1 Bxe3 37. Bxe3 f4 38. Nd1 Rfe7 39. Bf5+ Kd6 40. Kd3 fxe3 41. Re2 Bd7 42. Bxd7 Kxd7 43. Rxe3 Nc8 44. Rxe7+ Nxe7 45. Ne3 Rf8 46. Ke2 Kd6 47. Rg3 Rf4 48. Rg4 Ng6 49. Rxf4 Nxf4+ 50. Kf1 Ke6 51. Ng4 h5 52. Ne5 Nxh3 53. Nc6 Nf4 54. Nb8 Kd6 55. Nxa6 Ne6 56. Nc5 Nxd4 57. a4 bxa4 58. Nxa4 Nxf3 59. Nc3 h4 60. Kg2 g4 61. Nd1 d4 62. Nf2 Ne5 63. Nd1 Kc6 64. Kf2 Kb5 65. Kg2 Kxb4 66. Nf2 d3 67. Ne4 Kb3 68. Kf2 Kc2 69. Kg2 d2 70. Nxd2 Kxd2 71. Kg1 Ke2 72. Kg2 g3 73. Kh1 Kf3 74. Kg1 g2 75. Kh2 Kf2 76. Kh3 g1Q 77. Kxh4 0-1

[Event "Ljubljana-chT 67th Superliga"]
[Site "Ljubljana"]
[Date "2014.01.23"]
[Round "3.3"]
[White "Janzelj, Lara"]
[Black "Markosek, Maj"]
[Result "1-0"]
[WhiteElo "1873"]
[BlackElo "1717"]
[PlyCount "47"]
[EventDate "2014.01.09"]
[EventType "team-tourn"]
[EventRounds "9"]
[EventCountry "SLO"]
[SourceTitle "EXT 2022"]
[Source "ChessBase"]
[SourceDate "2021.10.06"]
[SourceVersion "1"]
[SourceVersionDate "2021.10.06"]
[SourceQuality "1"]
[WhiteTeam "Ig"]
[BlackTeam "Komenda Pogi"]
[WhiteTeamCountry "SLO"]
[BlackTeamCountry "SLO"]

1. d4 Nf6 2. c4 e6 3. Nf3 Bb4+ 4. Nbd2 b6 5. a3 Be7 6. e4 d5 7. Qc2 dxe4 8. Nxe4 Bb7 9. Bd3 Nc6 10. Be3 Ng4 11. 0-0 h6 12. Rad1 0-0 13. h3 Nxe3 14. fxe3 f5 15. Nc3 Bd6 16. b4 Ne7 17. c5 Bg3 18. Ne2 f4 19. Nxg3 fxg3 20. Ne5 a5 21. Bh7+ Kh8 22. Rxf8+ Qxf8 23. Rf1 Nf5 24. Ng6+ 1-0

[Event "Ljubljana Winter op"]
[Site "Ljubljana"]
[Date "2014.01.15"]
[Round "2"]
[White "Bajt, Hana"]
[Black "Markosek, Maj"]
[Result "0-1"]
[WhiteElo "1394"]
[BlackElo "1717"]
[PlyCount "58"]
[EventDate "2014.01.08"]
[EventType "swiss"]
[EventRounds "9"]
[EventCountry "SLO"]
[SourceTitle "EXT 2023"]
[Source "ChessBase"]
[SourceDate "2022.10.05"]
[SourceVersion "1"]
[SourceVersionDate "2022.10.05"]
[SourceQuality "1"]

1. e4 c6 2. Nf3 d5 3. exd5 cxd5 4. d4 Bg4 5. Bb5+ Nc6 6. Bf4 e6 7. h3 Bxf3 8. Qxf3 Qb6 9. Bxc6+ bxc6 10. Qc3 Bb4 11. Bd2 Bxc3 12. Bxc3 Nf6 13. Nd2 0-0 14. 0-0 a5 15. a4 c5 16. dxc5 Qxc5 17. Rfe1 h6 18. Re5 Rfd8 19. Nf3 Ne4 20. Bd4 Qxc2 21. Ra3 Rac8 22. Nh4 Qd1+ 23. Kh2 Qxd4 24. f4 Rc1 25. Nf3 Qf2 26. Rxe4 dxe4 27. Ne5 Qxf4+ 28. Rg3 Rdd1 29. Ng4 Rh1# 0-1